| 000 | 01401nam a2200289 a 4500 | ||
|---|---|---|---|
| 001 | 74296 | ||
| 003 | BD-RjUL | ||
| 005 | 20211209082531.0 | ||
| 008 | 180531s2017 bg ab bs f001 0 eng | ||
| 020 | _a978984330891 (set) | ||
| 035 | _a(BD-RjUL)74514 | ||
| 040 |
_aBD-RjUL _beng _cBD-RjUL _dBD-RjUL |
||
| 041 | _aeng | ||
| 082 |
_223 _a338.95492 _bSEV 2017 |
||
| 245 | 1 |
_a7th Five Year Plan : _bFY2015/16 -FY 2019/20 : accelerating growth, empowering citizens : background papers / _ceditor, Dr. Shamsul Alam. |
|
| 246 | _aSeventh Five Year Plan | ||
| 260 |
_aDhaka, Bangladesh : _bGenral Economics Division, Planning Commission, Ministry of Planning, Government of the People's Republic of Bangladesh, _cJune 2017. |
||
| 300 |
_aV. : _bcolor illustrations, color maps ; _c24 cm |
||
| 500 | _aIncludes statistical tables. | ||
| 504 | _aIncludes bibliographical references and index. | ||
| 505 | 0 | _av. 1 : Macroeconomic Management & Poverty Issues -- v. 2 : Socio-economic Issues -- v. 3 : Infrastructure, Manufacturing & Service Sector -- v. 4 : Agriculture, Water & Climate Change -- v. 5 Governance, Gender & Urban Development. | |
| 651 |
_aBangladesh _xEconomic policy. _9221537 |
||
| 651 |
_aBangladesh _xAppropriations and expenditures. _9221538 |
||
| 700 | 1 |
_aAlam, Shamsul _9221539 |
|
| 710 | 1 |
_a Bangladesh _bPlanning Commission _bGeneral Economics Division, _9221540 |
|
| 942 |
_2ddc _cREF |
||
| 999 |
_c74296 _d74296 |
||